Statistiques concernant Littérature commençant par la lettre T

Cliquez ici pour prendre le quiz!

Statistiques générales

  • Ce quiz a été pris 894 fois
  • Le résultat moyen est 13 sur 20

Statistiques - réponses

IndicesRéponses% Correct
Personnage le plus célèbre de HergéTintin
94%
Il aime IseutTristan
93%
Livre sacré des JuifsTorah
91%
Jason la chercha avec les ArgonautesToison d'or
88%
Dieu du Tonnerre dans la mythologie nordiqueThor
86%
"C'est pô juste!"Titeuf
86%
Créateur de Gandalf, du Hobbit, des Anneaux,...J.R.R. Tolkien
84%
Ami scientifique de ce dernierProfesseur Tryphon Tournesol
84%
Quatre animaux mutants vivant dans les égouts et se nourrissant de pizzasTortues Ninja
84%
Roi légendaire célèbre pour avoir tué le MinotaureThésée
81%
Auteur de Anna KarénineLéon Tolstoï
80%
On dit que le philosophe Diogène dormait dans un...Tonneau
79%
Fils d'Ulysse et de PénélopeTélémaque
71%
Inventeur talentueux ami de Donald DuckGéo Trouvetou
52%
Théâtre des aventures écrites par ce dernierTerre du Milieu
45%
Auteur de Vendredi ou la Vie sauvageMichel Tournier
43%
Héros de livres jeunesse à l'apparence d'un manchot ne sortant jamais sans DoudouT'choupi
35%
Le Petit Livre Rouge expose les citations de cet hommeMao Tse-Toung
31%
Roman d'Agatha Christie où le meurtre est commis sur les chemins de fer français, en direction de la RivieraLe Train Bleu
10%
Roman à rebondissements de Roal Dahl dont le titre est une célèbre expressionTel est pris qui croyait prendre
2%

Distribution des résultats

Percentile par nombre de réponses

% des personnes avec chaque résultat

Votre développement - résultats

Vous n’avez pas pris ce quiz